| 000 | 00758nam a2200253Ia 4500 | ||
|---|---|---|---|
| 003 | OSt | ||
| 005 | 20220928115740.0 | ||
| 006 | a|||||r|||| 00| 0 | ||
| 007 | ta | ||
| 008 | 220927b |||||||| |||| 00| 0 eng d | ||
| 024 | _a39954 | ||
| 037 | _cTextual | ||
| 040 |
_aSDCL _cSDCL _beng |
||
| 041 |
_2eng _aeng |
||
| 082 | _aI,11:68, P9 | ||
| 100 |
_aPfannschmidt Thomas Ed. _9445908 |
||
| 245 | 0 |
_aPlant signal transduction _b Methods and protocols. |
|
| 260 |
_aNew York _b Humana Press _c2009 |
||
| 300 |
_axi,357p. _ccm. |
||
| 490 | _aSpringer protocols : Methods in molecular biology. 479. | ||
| 650 |
_aMolecular Biology _9414923 |
||
| 942 |
_hI,11:68, P9 _cTEXL _2CC |
||
| 999 |
_c760772 _d760772 |
||